Players of National Teams - Switzerland - Statistics

General Stats
  • This quiz has been taken 10 times
  • The average score is 12 of 25
Answer Stats
Pos. Team Player % Correct
GK Borussia Dortmund Gregor Kobel
100%
CB Borussia Mönchengladbach Nico Elvedi
80%
DM Sunderland AFC Granit Xhaka
70%
CB Inter Milan Manuel Akanji
70%
LB Real Betis Ricardo Rodríguez
70%
LW Sevilla FC Rubén Vargas
70%
RB 1.FSV Mainz 05 Silvan Widmer
70%
FW Stade Rennais FC Breel Embolo
60%
RW Nottingham Forest Dan Ndoye
60%
CM Sevilla FC Djibril Sow
60%
GK FC Lorient Yvon Mvogo
60%
AM FC Augsburg Fabian Rieder
50%
LB Hamburger SV Miro Muheim
50%
FW Fortuna Düsseldorf Cedric Itten
40%
CM SC Freiburg Johan Manzambi
40%
GK Young Boys Marvin Keller
40%
CB Montpellier HSC Becir Omeragic
30%
AM Young Boys Christian Fassnacht
30%
CM Pisa SC Michel Aebischer
30%
CB Eintracht Frankfurt Aurèle Amenda
20%
LB SV Werder Bremen Isaac Schmidt
20%
CB VfB Stuttgart Luca Jaquez
20%
CB FC Luzern Adrian Bajrami
10%
FW Widzew Lodz Andi Zeqiri
10%
CM ACF Fiorentina Simon Sohm
10%
No matching quizzes found
Score Distribution
Percent of People with Each Score
Percentile by Number Answered
Your Score History
You have not taken this quiz